000
00286nam a2200121Ia 4500
008
190216s9999||||xx |||||||||||||| ||und||
100
_a
Daniel Defoe
245
0
_a
Robinson Crusoe
260
_b
Oxford University Press
_c
1986
300
_a
130p
650
_a
Stories Retold
942
_c
BK
999
_c
13242
_d
13242